Biggest Countries In The World (By Area) - Statistics

General Stats
  • This quiz has been taken 29 times
  • The average score is 8 of 8
Answer Stats
Hint Answer % Correct
9,879,750 km² Canada
100%
9,600,013 km² china
100%
17,098,250 km² Russia
100%
9,525,067 - 9,831,510 km² United States
100%
8,515,770 km² Brazil
96%
7,741,220 km² Australia
92%
2,780,400 km² Argentina
83%
3,287,260 km² India
79%
No matching quizzes found
Score Distribution
Percent of People with Each Score
Percentile by Number Answered
Your Score History
You have not taken this quiz